Peça-me o que quiser / (Record no. 362)

MARC details
000 -LÍDER
campo de controle de tamanho fixo 01870nam a22003257a 4500
001 - NÚMERO DE CONTROLE
campo de controle 362
003 - IDENTIFICADOR DO NÚMERO DE CONTROLE
campo de controle OSt
005 - DATA E HORÁRIO DA ÚLTIMA TRANSAÇÃO
campo de controle 20250528074019.0
008 - CAMPO DE DADOS FIXOS--INFORMAÇÃO GERAL
campo de controle de tamanho fixo 250401b |||||||e |||| 00| 0 eng d
020 ## - ISBN - INTERNATIONAL STANDARD BOOK NUMBER
ISBN - International Standard Book Number 9788581051789
040 ## - FONTE DA CATALOGAÇÃO
Idioma da catalogação por
041 ## - CÓDIGO DE IDIOMA
Código do idioma do original e/ou traduções intermediárias do texto spa
Código do idioma do texto/trilha sonora ou título diferente por
082 ## - CDD - CLASSIFICAÇÃO DECIMAL DE DEWEY
Número de Classificação 863
Número do exemplar M465p
100 ## - ENTRADA PRINCIPAL--NOME PESSOAL
Nome pessoal Maxwell, Megan
Datas associadas ao nome 1965-
9 (RLIN) 750
240 ## - TÍTULO UNIFORME
Título uniforme Pideme lo que quieras /
245 ## - TÍTULO
Título Peça-me o que quiser /
Indicação de responsabilidade, etc. Maxwell, Megan ; Tradução de Tamara Sender
260 ## - PUBLICAÇÃO, DISTRIBUIÇÃO, ETC.
Local de publicação, distribuição, etc. Rio de Janeiro
Nome do editor, distribuidor, etc. Objetiva
Data da publicação, distribuição, etc. 2013
300 ## - DESCRIÇÃO FÍSICA
Extensão 398 p.
490 1# - TÍTULO DA SÉRIE
Título da série Peça-me O Que Quiser
500 ## - NOTA GERAL
Nota geral Não recomendado para menores de 18 anos.
520 ## - NOTA DE RESUMO, ETC.
Resumo, etc. Com tempero latino e uma abordagem excitante, essa é a história da secretária espanhola Judith Flores e seu chefe, o alemão Eric Zimmerman, também conhecido como Iceman: um homem muito sério e com os olhos azuis mais intensos e sexies que ela já viu.<br/><br/>Recém-chegado ao comando da empresa Müller, antes dirigida por seu pai, Eric tem uma atração instantânea pelo jeito divertido de Judith e exigirá que ela o acompanhe nas viagens de trabalho pela Espanha. Mesmo sabendo que está se metendo numa situação arriscada, a ideia de estar ao lado de Iceman é irresistível. Com ele, a jovem viverá experiências sexuais até então inimagináveis, em um universo de fantasias eróticas pouco convencionais.<br/><br/>Conciliando sexo e romantismo na medida exata, Peça-me o que quiser é uma história de amor cheia de encontros e desencontros, na qual os jogos eróticos, o voyeurismo e o desejo de ultrapassar todos os limites do prazer são os grandes protagonistas.
650 #0 - ASSUNTO--TERMO TÓPICO
Cabeçalho tópico ou nome geográfico Literatura espanhola
9 (RLIN) 144
650 #0 - ASSUNTO--TERMO TÓPICO
Cabeçalho tópico ou nome geográfico Erótico
9 (RLIN) 305
650 #0 - ASSUNTO--TERMO TÓPICO
Cabeçalho tópico ou nome geográfico Amor e Paixão
9 (RLIN) 25
655 #0 - TERMO DE ÍNDICE--GÊNERO E FORMA
Gênero/forma/ou termo foco Romance
655 #0 - TERMO DE ÍNDICE--GÊNERO E FORMA
Gênero/forma/ou termo foco Ficção
700 1# - ENTRADA ADICIONADA - NOME PESSOAL
Datas associadas ao nome 1981-
Nome pessoal Sender, Tamara,
830 ## - ENTRADA SECUNDÁRIA DE SÉRIE--TÍTULO UNIFORME
Título uniforme Peça-me O Que Quiser
9 (RLIN) 751
942 ## - ELEMENTOS DE ENTRADA ADICIONADOS (KOHA)
Fonte de classificação ou esquema de arquivamento Classificação decimal de Dewey
Tipo de material Koha Livros
Ocultar no OPAC Não
Holdings
Situação do descarte Situação das perdas Fonte de classificação ou esquema de arquivamento Status danificado Não pode ser emprestado Coleção Biblioteca de origem Biblioteca atual Localização na estante Data de aquisição Fonte de aquisição Total de empréstimos Número de chamada completo Código de barras Data de último acesso Data do preço efetivo Tipo de material Koha
    Classificação decimal de Dewey     Ficção Biblioteca Professor Eduardo Afonso de Castro Biblioteca Professor Eduardo Afonso de Castro Literatura Estrangeira 01.04.2025 doação   863 / M465p 2025-17307 01.04.2025 01.04.2025 Livros

Powered by Koha